Guess the Taylor Swift Song (7) - Statistics

General Stats
  • This quiz has been taken 40 times
  • The average score is 222 of 328
Answer Stats
Answer % Correct
a
100%
I
100%
the
100%
you
97%
You
97%
and
94%
I'm
94%
that
94%
so
91%
your
91%
all
88%
in
88%
it's
84%
its
84%
love
84%
to
84%
is
81%
me
81%
when
81%
He
78%
he
78%
my
78%
but
75%
could
72%
not
72%
are
69%
hear
69%
at
66%
like
66%
never
66%
Never
66%
were
66%
with
66%
can't
63%
for
63%
thats
63%
that's
63%
That's
63%
way
63%
feel
59%
just
59%
knew
59%
loved
59%
Loved
59%
rain
59%
get
56%
they
56%
act
53%
cursing
53%
his
53%
insane
53%
into
53%
look
53%
much
53%
name
53%
now
53%
oh
53%
screaming
53%
see
53%
up
53%
2am
50%
by
50%
down
50%
fighting
50%
kissing
50%
miss
50%
says
50%
car
47%
friends
47%
he's
47%
roller
47%
some
47%
anything
44%
ask
44%
cause
44%
coaster
44%
coming
44%
door
44%
sensible
44%
beautiful
41%
couldn't
41%
fine
41%
incredible
41%
jealous
41%
single
41%
undone
41%
will
41%
acted
38%
breakin'
38%
close
38%
father
38%
got
38%
kinda
38%
mother
38%
opens
38%
perfectly
38%
rush
38%
talks
38%
tonight
38%
better
34%
comfortable
34%
everything
34%
faking
34%
hearts
34%
makes
34%
need
34%
wait
34%
wild
34%
away
31%
calls
31%
charming
31%
feeling
31%
smile
31%
breaking
28%
crazy
28%
endearing
28%
exactly
28%
frustrating
28%
intoxicating
28%
space
28%
mistake
25%
business
19%
whoa
19%
complicated
9%
oh, oh
3%
Oh, oh
3%
repects
3%
No matching quizzes found
Score Distribution
Percent of People with Each Score
Percentile by Number Answered
Your Score History
You have not taken this quiz